| 000 | 00801nam a22002175i 4500 | ||
|---|---|---|---|
| 001 | 157154 | ||
| 003 | ES-MaACL | ||
| 005 | 20250817210107.0 | ||
| 008 | 040809s1863 fr |||| | fre d | ||
| 080 | _a27-312 | ||
| 080 | _a930 Renan, Ernest. Vie de Jésus | ||
| 100 | 1 |
_aLarroque, Patrice. _9128708 |
|
| 245 | 1 | 0 |
_aOpinion des déistes rationalistes sur la Vie de Jésus selon M. Renan / _cpar P. Larroque. |
| 250 | _a2e éd. | ||
| 260 |
_aParis : _bE. Dentu, _c1863 ( _fImp. de L. Tinterlin et Cie.) |
||
| 300 |
_a32 p. ; _c23 cm. |
||
| 600 | 0 | 4 |
_aJesucristo- _xBiografías. _9140032 |
| 600 | 1 | 7 |
_aRenan, Ernest, _d1823-1892. _tVie de Jésus _2 _9148408 |
| 852 | 4 |
_aES-MaACL _jT-78-F-6 _z- Enc. hol., falto de cub. original _z- Enc. en un vol. facticio |
|
| 999 |
_c157154 _d157154 |
||